Statistics for Godzilla Kaiju Quiz

Click here to take the quiz!

General Stats

  • This quiz has been taken 261 times
  • The average score is 26 of 40

Answer Stats

Answer% Correct
Godzilla
99%
King Kong
95%
Mothra
94%
King Ghidorah
86%
Rodan
84%
Mechagodzilla
82%
Minilla
80%
SpaceGodzilla
78%
Mecha-King Ghidorah
76%
Shin Godzilla
76%
Gigan
73%
Destoroyah
72%
Anguirus
71%
Biollante
71%
Godzilla (Minus One)
71%
Jet Jaguar
71%
Zilla
69%
Battra
66%
Ebirah
63%
King Caesar
63%
Modified Gigan
63%
Kiryu
62%
Hedorah
61%
Megalon
61%
Kumonga
58%
Godzilla Junior
57%
Manda
57%
Monster X
56%
Kamacuras
55%
Orga
55%
Baragon
54%
Gorosaurus
53%
Titanosaurus
53%
Keizer Ghidorah
50%
MOGUERA
50%
Megaguirus
49%
Dorats
46%
Gabara
46%
Varan
46%
Millennian
34%

Score Distribution

Percentile by Number Answered

Percent of People with Each Score

Your Score History

You have not taken this quiz